00863nam a2200253 a 450000100060000000300080000600500170001400800410003102000160007202000160008803500190010404000270012304100080015008200270015810000140018524501320019926000510033130000470038250400510042965000410048065000130052170000330053470000420056769828BD-RjUL20211209081929.0170471s1995 gw a b 111 0 eng d a3540582258  a0387582258  a(BD-RjUL)70040 aDLCcDLCdBD-RjULbeng aeng00a541.2254223bFIZ 19951 aFink, G. 10aZiegler catalysts :brecent scientific innovations and technological improvements /cG. Fink, R. Mulhaupt and H.H. Brintzinger. aBerlin ;aNew York :bSpringer-Verlag,cc1995. axiii, 511 p. :bill. (some col.) ;c24 cm. aIncludes bibliographical references and index. 0aZiegler-Natta catalystsxCongresses. 0aPolymers1 aMulhaupt, R.q(Rolf),d1954-1 aBrintzinger, H. H.q(Hans H.),d1935-